00988nam a2200205 u 450000100100000000500170001000800410002702000180006804000250008608200140011110000530012524500940017826000540027230000190032650000630034595201270040895201180053595201120065399900170076500002034920200929170358.0100813s2015 dr 000 0 spa d a9789945081992 aDO-SdBNPbspacBNPHU axxxbxxxx1 aFigueroa Encarnación, Honécimod1964-94299610aLa Escolástica y su evolución en el nuevo mundo /cHonécimo Figueroa Encarnación. aSanto Domingo :bEditora J. Peguero, SRL.,c2015. a8 p. ;c23 cm. aIncluye datos biográficos del autor en la contracubierta 001052708DSaGRbGRcHDd2017-05-10iLF1l0oxxx xxxxp20349-30r2020-06-25te. 3w2020-06-25yLFDSZPréstamo interno 0010718PDaPDbPDcHDd2017-05-10iLF1l0oxxx xxxxp20349-10r2020-06-25te. 2w2020-06-25yLFPDZNo se presta 0010718PDaPDbPDcHDd2017-05-10iLF1l0oxxx xxxxp20349-20r2020-06-25w2020-06-25yLFPDZNo se presta c19853d19853